000 00338 a2200145 4500
001 154489
040 _cEscola São Tomás de Aquino
240 1 0 _aA bíblia ilustrada para crianças
_lpor
245 1 0 _aA bíblia ilustrada para crianças
300 _a255
362 0 _a1997
440 1 _aEdiouro
697 _aRELIGIÃO
942 _cBK
999 _c154489
_d154489